| 000 | 00634cam a2200229 4500 | ||
|---|---|---|---|
| 001 | 306247 | ||
| 005 | 20180104075808.0 | ||
| 008 | 730206s1973 ohu bs 001 0 eng | ||
| 010 | _a 73001868 | ||
| 020 | _a0814201849 | ||
| 040 |
_aDLC _cDLC _dDLC |
||
| 041 | _aeng | ||
| 043 | _aa-cc--- | ||
| 080 | _a301.32951 YUA | ||
| 082 | 0 | 0 | _a301.32951 YUA |
| 100 | 1 | _a42 | |
| 101 | _aGJE | ||
| 245 | 1 | 0 |
_aChina's population struggle; _c[by] H. Yuan Tien. |
| 504 | _aBibliography: p. [385]-395. | ||
| 906 |
_a7 _bcbc _corignew _d1 _eocip _f19 _gy-gencatlg |
||
| 942 |
_2ddc _cBK |
||
| 999 |
_c39735 _d39735 |
||